000 00560nam a2200205Ia 4500
001 290
005 20251205090806.0
008 251203t2014||||xx |||||||||||||| ||spa||
020 _a9788416127115
041 _aESP
082 _a726.6
_bC243
100 _aCiagà, Graziella Leyla,
_cAUT
245 0 _aCatedrales y basílicas
260 _a[Barcelona] :
_bLuppa Solutions,
_c2014
300 _a216 páginas :
_b fotografías ;
_c 31 cm.
650 _aABD
653 _aBasílicas - Historia; Catedrales - Historia
654 _aCAU
942 _cLIB
_dJUS
_fMAT
_2ddc
999 _c290
_d290